Discovering the Universe (Record no. 5415)

MARC details
000 -LEADER
fixed length control field 00610nam a22002177a 4500
003 - CONTROL NUMBER IDENTIFIER
control field OSt
005 - DATE AND TIME OF LATEST TRANSACTION
control field 20161130191138.0
008 - FIXED-LENGTH DATA ELEMENTS--GENERAL INFORMATION
fixed length control field 161130b xxu||||| |||| 00| 0 eng d
020 ## - INTERNATIONAL STANDARD BOOK NUMBER
International Standard Book Number 9781429255202
040 ## - CATALOGING SOURCE
Transcribing agency DDC
082 ## - DEWEY DECIMAL CLASSIFICATION NUMBER
Classification number 523.1 COM 2012
100 ## - MAIN ENTRY--PERSONAL NAME
Personal name Comins, Neil F.; Kaufmann111, William J.
9 (RLIN) 11322
245 ## - TITLE STATEMENT
Title Discovering the Universe
250 ## - EDITION STATEMENT
Edition statement 9th ed.
260 ## - PUBLICATION, DISTRIBUTION, ETC. (IMPRINT)
Place of publication, distribution, etc. New York; W.H.Freeman, 2012
300 ## - PHYSICAL DESCRIPTION
Extent xxv,583p. col.ill:28cm
504 ## - BIBLIOGRAPHY, ETC. NOTE
Bibliography, etc Appendices, glossary, answers, & index included
650 ## - SUBJECT ADDED ENTRY--TOPICAL TERM
Topical term or geographic name as entry element Austonomy
9 (RLIN) 11323
650 ## - SUBJECT ADDED ENTRY--TOPICAL TERM
Topical term or geographic name as entry element Universe physics
9 (RLIN) 11324
942 ## - ADDED ENTRY ELEMENTS (KOHA)
Source of classification or shelving scheme Dewey Decimal Classification
Koha item type Open Shelf
Holdings
Withdrawn status Lost status Source of classification or shelving scheme Damaged status Not for loan Home library Current library Date acquired Source of acquisition Inventory number Total Checkouts Full call number Barcode Date last seen Koha item type
    Dewey Decimal Classification     MUST Main Library MUST Main Library 30/11/2016 Purchase 13/37093   523.1 COM 2012 2016-4971 30/11/2016 Open Shelf
    Dewey Decimal Classification     MUST Main Library MUST Main Library 30/11/2016 Purchase 13/37094   523.1 COM 2012 2016-4972 30/11/2016 Open Shelf